000 00277nam a22001337a 4500
008 181107b xxu||||| |||| 00| 0 eng d
020 _a394519078
041 _aeng
080 _a701
100 _a45
101 _aART
245 _aMasterpieces
_cCooke, C
942 _2udc
_cBK
999 _c52229
_d52229